02858nam a2200289 a 450000100100000000500170001000800410002704000250006808200180009324500530011124600660016426000500023030000280028050003180030850510540062665000510168065000310173165000280176265000380179070000810182895201300190995201300203995201300216995201240229995201300242399900150255300000500920250310112145.0090729s1995 dr a r 001 0 spa d aDO-SdBNPbspacBNPHU a361.61bP963r03aEl proceso de reforma hacia la seguridad social.14aSeguridad socialbel proceso de reforma en el área de salud aSanto Domingo :bFundación Siglo 21,c1995. a303 p. :bil. ;c28 cm. aEste libro recoge los detalles del proceso de diálogo cobre la reforma a la seguridad social, auspiciado por el CNHE, el IDSS, las centrales sindicales y el proyecto prácticas y políticas económicas (PYPEC/USAID). El contenido del libro, sin embargo, es responsabilidad única de la Fundación Siglo 21.2 aExplicación -- Capítulo 1. La idea de la reforma: estrategia sugerida y adoptada -- Los talleres empresariales y sindicales -- Las posiciones de cada sector en el foro, la sesión de concertación y la declaración pública -- Del foro a la declaración tripartita del 16 de diciembre 1993 -- Los documentos propuestos para la creación de un sistema de seguridad social y las reacciones sugeridas -- La reacción de los sectores empresariales, sindical y público ante las propuestas técnicas contenidas en el borrador 001 -- El cuadro comparativo del 28 de octubre de 1994 y el estancamiento del dialogo -- La propuesta de proyecto de ley de reforma a la seguridad social en el área de salud -- Epílogo del proceso. Este libro recoge los detalles del proceso de diálogo cobre la reforma a la seguridad social, auspiciado por el CNHE, el IDSS, las centrales sindicales y el proyecto prácticas y políticas económicas (PYPEC/USAID). El contenido del libro, sin embargo, es responsabilidad única de la Fundación Siglo 21. 4aSeguridad socialzRepública Dominicana92151 0aPolítica sanitaria91344 4aSistema de salud914437 4aPlanes nacionales de salud9144381 aIncluye referencias bibliográficas y notas al pie de las páginas.914439 001054708DSaGRbGRcHDd2013-06-14iLF1l0o361.61 P963rp5009-40r2020-06-25te. 3w2020-06-25yLFDSZPréstamo en sala 001054708DSaGRbGRcHDd2014-05-07iLF1l0o361.61 P963rp5009-50r2020-06-25te. 4w2020-06-25yLFDSZPréstamo en sala 001154708DSaGRbGRcMId2015-02-09iLF1l0o361.61 P963rp5009-60r2020-06-25te. 5w2020-06-25yLFDSZPréstamo en sala 001054708PDaPDbPDcHDd2009-07-29iLF1l0o361.61 P963rp5009-10r2020-06-25w2020-06-25yLFPDZPréstamo en sala 001053728PDaPDbPDcHDd2010-04-20iLF1l0o361.61 P963rp5009-20r2020-06-25te. 2w2020-06-25yLFPDZPréstamo en sala c4815d4815